| 000 | 01528cam a22003618i 4500 | ||
|---|---|---|---|
| 999 |
_c62071 _d62071 |
||
| 001 | 20830189 | ||
| 005 | 20240703103546.0 | ||
| 008 | 190130s2019 enk b 001 0 eng | ||
| 010 | _a 2019004030 | ||
| 020 | _a9780367207939 (pbk.) | ||
| 020 | _z9780429263552 (ebook) | ||
| 041 | _aeng | ||
| 042 | _apcc | ||
| 080 | _a378+001.4 G-69 | ||
| 100 | 1 |
_aGournelos, Ted, _d1979- _eauthor. _922667 |
|
| 245 | 1 | 0 |
_aDoing academic research : _ba practical guide to research methods and analysis / _cTed Gournelos, Joshua R. Hammonds and Maridath A. Wilson. |
| 263 | _a1906 | ||
| 264 | 1 |
_aMilton Park, Abingdon, Oxon ; _aNew York, NY : _bRoutledge, _c2019. |
|
| 300 |
_a175 pages:, _b23cm. |
||
| 504 | _aIncludes bibliographical references and index. | ||
| 650 | 0 |
_aSocial sciences _xResearch _xMethodology. _922668 |
|
| 650 | 0 |
_aHumanities _xResearch _xMethodology. _922669 |
|
| 650 | 0 |
_aBusiness _xResearch _xMethodology. _914417 |
|
| 650 | 0 |
_aScholarly publishing. _914386 |
|
| 653 | _aაკადემიური კვლევის ჩატარება: კვლევის მეთოდებისა და ანალიზის პრაქტიკული გზამკვლევი | ||
| 653 | _aპედაგოგიკა | ||
| 653 | _aმეცნიერბა | ||
| 700 |
_aHammonds, Joshua R. _922670 |
||
| 700 |
_a Wilson, Maridath A _922671 |
||
| 906 |
_a7 _bcbc _corignew _d1 _eecip _f20 _gy-gencatlg |
||
| 942 |
_2udc _cᲬᲘᲒᲜᲘ |
||
| 955 |
_bre01 2019-01-30 _cre01 2019-01-30 |
||